Hack the Quiz #2 - Statistics

General Stats
  • This quiz has been taken 1,219 times
  • The average score is 25 of 32
Answer Stats
Cipher Word % Correct
11 What
91%
19 Honshu?
90%
29 and
90%
27 the
89%
32 capital
89%
36 the
88%
49 Hokkaido,
87%
48 smallest
86%
67 largest
86%
85 Nagoya,
86%
68 has
85%
15 What's
84%
52 What
84%
90 country
84%
01 Africa?
82%
71 is
82%
03 country
81%
14 Toronto
80%
55 in
79%
61 what
79%
79 the
78%
96 is
77%
70 of
76%
59 America?
75%
92 South
74%
44 province?
71%
Japan
71%
88 in
70%
08 island
69%
Madagascar
50%
Suriname
45%
Ontario
41%
No matching quizzes found
Score Distribution
Percent of People with Each Score
Percentile by Number Answered
Your Score History
You have not taken this quiz